China's Way of Poverty Alleviation (Record no. 4165)
[ view plain ]
| 000 -LEADER | |
|---|---|
| fixed length control field | 00318nam a22001097a 4500 |
| 003 - CONTROL NUMBER IDENTIFIER | |
| control field | OSt |
| 005 - DATE AND TIME OF LATEST TRANSACTION | |
| control field | 20260219150021.0 |
| 008 - FIXED-LENGTH DATA ELEMENTS--GENERAL INFORMATION | |
| fixed length control field | 260219b |||||||| |||| 00| 0 eng d |
| 040 ## - CATALOGING SOURCE | |
| Transcribing agency | Chongging |
| 245 ## - TITLE STATEMENT | |
| Title | China's Way of Poverty Alleviation |
| Remainder of title | Decoding the Governance System of the Communist Party of China |
| 942 ## - ADDED ENTRY ELEMENTS (KOHA) | |
| Source of classification or shelving scheme | Dewey Decimal Classification |
| Koha item type | Books |
| Withdrawn status | Lost status | Source of classification or shelving scheme | Damaged status | Not for loan | Home library | Current library | Date acquired | Total Checkouts | Full call number | Barcode | Date last seen | Price effective from | Koha item type |
|---|---|---|---|---|---|---|---|---|---|---|---|---|---|
| Dewey Decimal Classification | Bunge Tower Library | Bunge Tower Library | 02/19/2026 | 362.50951 YON | 2025/033 | 02/19/2026 | 02/19/2026 | Books |
